[Event "Bundesliga 0405"]
[Site "Germany"]
[Date "2005.02.13"]
[Round "11.4"]
[White "Krivoshey, Sergei"]
[Black "Kalinitschew, Sergey"]
[Result "1/2-1/2"]
[WhiteElo "2499"]
[BlackElo "2533"]
[Annotator "Roiz,M"]
[PlyCount "51"]
[EventDate "2004.11.12"]
[EventType "team-tourn"]
[EventRounds "15"]
[EventCountry "GER"]
[SourceTitle "CBM 106"]
[Source "ChessBase"]
[SourceDate "2005.06.06"]
[SourceVersion "1"]
[SourceVersionDate "2005.06.06"]
[SourceQuality "1"]
[WhiteTeam "Hofheim"]
[BlackTeam "Kreuzberg"]
[WhiteTeamCountry "GER"]
[BlackTeamCountry "GER"]

1. Nf3 f5 2. g3 Nf6 3. Bg2 g6 4. d4 Bg7 5. O-O O-O 6. c4 d6 7. Nc3 c6 8. d5 {
That is the most ambitious continuation. White seizes a space and tries to
exploit the permanent weakness of e6.} e5 9. dxe6 Bxe6 10. b3 {The weakening
of the long diagonal is not critical here.} (10. Qd3 {--> is another
theoretical possibility.}) 10... Na6 {The most solid continuation.} ({Too
risky is:} 10... Ne4 $6 11. Nxe4 Bxa1 12. Qxd6 Qxd6 13. Nxd6 b6 14. Bg5 Bc3 15.
Be7 $16 {1-0 Ibragimov,I-Beshukov,S/Smolensk 1991/CBM 24 (38)}) 11. Ng5 Qe7 {
Black is ready to exchange his light-squared bishop.} ({The retreat leads to a
somewhat passive position:} 11... Bc8 12. Rb1 Qe7 13. Qc2 h6 14. Nf3 Nc5 15.
Ba3 Be6 16. Rbd1 Rad8 17. e3 Bf7 18. Ne2 Qe4 19. Qc1 Qe7 20. Bb2 $14 {1/2-1/2
Petrosian,T-Knezevic,M/Banja Luka 1979/EXT 99 (39)}) 12. Bb2 {White is not
hurrying with taking on e6, so black could finally avoid that.} (12. Nxe6 Qxe6
13. Bb2 Rad8 14. Qc2 Nb4 15. Qd2 d5 $2 16. Nxd5 Nbxd5 17. cxd5 Nxd5 18. Bxg7
Kxg7 19. Qd4+ Nf6 20. Qxa7 $16 {1-0 Greenfeld,A-Beim,V/Israel 1992/TD (39)})
12... Bd7 ({The alternative is:} 12... Nc5 {--> see comments to 1-0 Huzman,
A-Neiksans,A/Batumi 1999/CBM 74/[Tsesarsky] (55) Tsesarsky}) 13. Qd2 {There is
a standard question for that type of position: where white should place his
queen in order to connect the rooks? The alternative 13.Qc2 looks more logical,
since usually white should attack black's Pd6 with a rook.} (13. Qc2 Rad8 14.
Rad1 Rfe8 15. a3 h6 16. Nf3 Be6 17. Rfe1 Bf7 18. Nd2 Nc5 19. b4 $14 {1-0
Ivanov,S-Yagupov,I/Podolsk 1992/EXT 97 (43)}) 13... Rad8 14. Rfe1 $146 {
Intending to push e2-e4 at some moment. At the same time, that move looks a
bit slowly and allows black to regroup his pieces.} ({I would prefer:} 14. Rad1
{in order to force black to play a somewhat passive} Bc8 15. Rfe1 Ng4 16. Nh3
Bh6 17. Nf4 Qf7 18. h4 Nc5 19. e3 Ne5 20. Qc2 Bg7 21. Ba3 Qf6 22. Rd4 Nf7 23.
Bb2 $14 {1/2-1/2 Lukacs,P-Yilmaz,T/Budapest 1992/EXT 97 (31)}) 14... h6 15. Nh3
Nc5 {That is a standard square for the knight in that type of positions. Later
it can be delivered to e4.} 16. Rad1 (16. Nf4 Be8 17. Rad1 g5 18. Nd3 Nce4 $11)
16... Be6 {That is the point! Here the bishop is placed much better than on c8.
} 17. Qc2 {That allows black to play g6-g5,cutting the Nh3.} ({Nothing special
promised:} 17. Nf4 Bf7 {[%cal Gg6g5]} 18. h4 Rfe8 $11 {and i don't see any
useful plan for white,since b3-b4 will weaken the Pc4.}) 17... g5 {[%csl Rh3]
Ofcourse,white should play f2-f4 in order to improve the placement of Nh3.
However,that weakens an important central square e4.} 18. f4 Nfe4 19. e3 ({
White may be only worse after:} 19. Nxe4 Nxe4 20. Bxg7 Qxg7 21. fxg5 hxg5 22.
Rf1 d5 {[%csl Ge4] and black's activity compensates some weakness of the dark
squares.}) 19... Bf7 {[%cal Gf7h5] Black has completely consolidated. Now 20...
Bh5 is an unpleasant threat, so the simplifications are unavoidable.} 20. Nxe4
Nxe4 21. Bxg7 Kxg7 22. Nf2 $6 {White's play is too harmless!} ({He should
exchange the light-squared bishop, keeping the knight on the board:} 22. Bxe4
$142 fxe4 23. Nf2 gxf4 (23... d5 $143 24. cxd5 cxd5 25. Qb2+ Kh7 26. f5 $36)
24. exf4 d5 25. cxd5 cxd5 $14 {[%csl Rg7] This position is very complicated,
but I prefer white here due to the weakness of black's king.}) 22... d5 {
Now black may always take on e4 with Pd5.} 23. cxd5 (23. Nxe4 dxe4 24. Qc3+ Qf6
$11) 23... Bxd5 {Of course, black should avoid an additional weakness.} ({
Much worse would be:} 23... cxd5 $6 24. Nd3 (24. Nxe4 dxe4 25. Qc3+ Qf6 $11)
24... Rc8 25. Qb2+ Qf6 26. Ne5 $14) 24. Nxe4 (24. Bxe4 Bxe4 ({Ofcourse,not} 
24... fxe4 25. Ng4 {[%csl Re5][%cal Gg4e5] +/=/+/-}) 25. Nxe4 Qxe4 $11) 24...
fxe4 $6 {An inaccuracy. Now the Pe4 becomes more vulnerable.} ({Better was to
swap the bishops:} 24... Bxe4 25. Qc3+ Qf6 $11) 25. Rf1 Rde8 26. fxg5 {Here
the draw was agreed.} ({At the same time it looks like black's mistake allowed
white to get some advantage. For example:} 26. fxg5 hxg5 (26... Qxg5 27. Qc5
$14) 27. Qe2 $14 {[%cal Ge2g4]}) 1/2-1/2

[Event "American Continental 3rd"]
[Site "Buenos Aires"]
[Date "2005.08.06"]
[Round "1"]
[White "Onischuk, Alexander"]
[Black "Tovillas, Daniel R"]
[Result "1-0"]
[WhiteElo "2628"]
[BlackElo "2310"]
[Annotator "Roiz,M"]
[PlyCount "155"]
[EventDate "2005.08.06"]
[EventType "swiss"]
[EventRounds "11"]
[EventCountry "ARG"]
[SourceTitle "CBM 109"]
[Source "ChessBase"]
[SourceDate "2005.11.14"]
[SourceVersion "1"]
[SourceVersionDate "2005.11.14"]
[SourceQuality "1"]

1. d4 f5 2. c4 Nf6 3. Nc3 g6 4. g3 Bg7 5. Bg2 O-O 6. Nf3 c6 7. O-O d6 8. d5 Bd7
(8... e5 9. dxe6 Bxe6 {-->is another common line.}) 9. Rb1 {[%cal Gb2b4] White
is intending to seize a space by advancing his queen-side pawns.} a5 10. Nd4 {
Exploiting some drawback of black's previous move-now 10...c5 is pointless in
view of 11.Nb5.} ({The alternative is:} 10. b3 Na6 11. Bb2 Nc5 12. Nd4 {
-->see my comments to 1/2-1/2 Gurevich,M-Bauer,C/Belfort 2003/CBM 99/[Roiz,M] 
(19)}) 10... Qc7 {In my opinion, Black should play more actively in this
system.} ({I would prefer:} 10... Qe8 11. b3 Na6 12. Na4 c5 13. Nf3 b5 14. Nb6
Rb8 15. Nxd7 Qxd7 16. cxb5 Rxb5 $132 {1-0 Horvath,P-Kliukin,B/St Veit 1999/EXT
2004 (60)}) ({or} 10... Qb6 11. e3 Na6 12. b3 Nc5 13. Bb2 Rfc8 14. Qe2 Qa6 15.
Rfd1 Nce4 $132 {0-1 Molnar,L-Grunberg,M/Budapest 1998/EXT 2002 (37)}) 11. c5
$146 {This hardly promises White more than a sufficient compensation for the
pawn.} (11. a3 $6 Na6 12. e4 fxe4 13. Nxe4 Nxe4 14. Bxe4 Nc5 15. Bg2 a4 $15 {
0-1 Burijovich,L-Tovillas,D/Buenos Aires 1992/EXT 97 (52)}) ({Deserved
attention:} 11. e4 $5 fxe4 12. Nxe4 Nxe4 13. Bxe4 Na6 14. Be3 Nc5 15. Bg2 $14 {
1-0 Frias Pablaza,V-Leow Leslie M/Luzern 1982/EXT 97-B (43)}) 11... dxc5 ({
Another tackle was also possible:} 11... cxd5 12. Nxd5 (12. Bxd5+ Nxd5 13. Nxd5
Qxc5 14. Nb3 Ba4 $1 {(an important tactical resource)} 15. Be3 (15. Nxc5 Bxd1
16. Rxd1 dxc5 17. Be3 Nc6 18. Bxc5 Kf7 $11) 15... Qc4 16. Nb6 Qe4 $132 {
[%cal Ga4c6]}) 12... Nxd5 13. Bxd5+ Kh8 14. cxd6 Qxd6 15. Nf3 Bc6 $11 {and
Black is not worse.}) 12. Bf4 Qc8 13. Nb3 b6 $1 {Restricting the mobility of
the Nb3. Now it should be transfered to another spot.} (13... Na6 14. Nxa5 Nb4
15. dxc6 Nxc6 16. Nc4 $14) 14. Nd2 {[%cal Gd2c4]} Kh8 $6 {That prophylactic
move is a loss of time which gives White time for developing the initiative.} (
{Better was:} 14... e6 15. d6 (15. Nc4 $2 Qa6 $1 $17) 15... Nd5 16. Nc4 Qa6 17.
Ne5 Be8 $132 {[%cal Gb8d7,Gg6g5] with a very complicated play.}) 15. Nc4 Ra6 {
Now Black's pieces are not coordinated.} ({Hardly advisable would be also:} 
15... Qa6 16. Ne5 cxd5 (16... Qb7 17. Nxd7 Nfxd7 18. Qa4 Rc8 19. Rfd1 $16) 17.
Nxd5 Ra7 18. Nxe7 {[%cal Ge7g6]} Be8 19. Qd8 $1 $36) 16. d6 {Taking control of
the dark squares.} e6 {Black avoids an immediate penetration of White's heavy
pieces, but now his position looks quite ugly due to a strong Pd6.} (16... Re8
17. dxe7 Rxe7 18. Qd6 Re8 19. Rfd1 $36) (16... exd6 17. Nxd6 Qd8 18. Qd2 $36)
17. e4 {It's important to start the active operations before Black could
consolidate.} (17. Qd2 $5) 17... fxe4 $2 {A serious strategical mistake-now
the weaknesses in Black's camp become obvious.} ({It was necessary to push
White's knight from c4:} 17... b5 $142 18. Nd2 (18. Ne5 $6 Nh5 $132) 18... Ng4
{[%cal Ge6e5]} (18... fxe4 19. Be5 $1 Be8 20. Ndxe4 Nbd7 21. Bxf6 $16) {
although after} 19. Bg5 {white has a full compensation for the pawn.}) 18. Nxe4
$16 {[%csl Ra6,Rb8,Re5,Re6] Black's queen-side pieces are completely out of
play.} Nd5 ({After} 18... Be8 19. Nxf6 Bxf6 20. Be5 Nd7 21. f4 $16 {Black's
extra pawn isn't significant at all.}) 19. Be5 Nf6 $6 {A strange move- Black
just wastes time.} ({More resistant would be:} 19... Bxe5 $142 20. Nxe5 Rf5 21.
f4 Be8 $16 {[%cal Gb8d7]} (21... Ne3 $2 22. Qb3 Nxf1 23. Bxf1 $18 {[%csl Rh8]
[%cal Gb3c3]})) 20. Nxf6 {Exchanging the main defenders of the Kh8.} Bxf6 21.
Bxf6+ Rxf6 22. Qe2 Qf8 ({After} 22... b5 23. Ne5 c4 24. Qe3 $18 {White's
position is winning due to the control of the dark squares.}) 23. Rbd1 Qg7 24.
Rfe1 {White is not in a hurry- Black has no counterplay at all.} Rf8 25. h4 $1
{Intending to create an additional weakness in Black's camp.} Be8 $6 {Black is
trying to consolidate at cost of the pawn,but the Pd6 will decide the game.} ({
More resistant would be:} 25... Qf6 26. f4 Bc8 {although after} 27. Ne5 {
White's position is winning. For instance, he may breakthrough by h4-h5 at
some moment.} ({or} 27. Qe3)) 26. Qxe6 Bf7 27. Qe2 $18 Bxc4 (27... b5 28. Ne5
Bxa2 29. d7 $18) 28. Qxc4 Ra7 29. Re2 Rd7 {The Nb8 is very poor! It cannot
make the first step for a long time!} ({Nothing changed} 29... Raf7 30. Rdd2
$18 (30. f4 $18)) 30. Qe6 Rdf7 31. f4 Rf6 32. Qb3 {Provoking the additional
weakening.} b5 33. Qc3 {[%csl Ra5,Rc5][%cal Gc3c5,Gc3a5] A double threat!
Black cannot avoid the loss of a pawn.} c4 34. Qxa5 R6f7 35. Qa3 Rd8 ({Of
course,after} 35... Ra7 36. Qc5 Rxa2 37. d7 $18 {Black cannot stop the Pd7.})
36. Qc5 Qf6 37. a4 Rfd7 ({Hopeless would be also:} 37... bxa4 38. Qxc4 Rfd7 39.
Re6 Qxb2 40. Qxa4 $18) 38. axb5 cxb5 39. Qxb5 Rxd6 40. Rxd6 Qxd6 41. Qxc4 {
Now White is already 2 pawns up, so the rest should be easy.} Nd7 42. Qc3+ Nf6
43. Bf3 h5 44. Kg2 Kh7 45. Qe5 {Any kind of endgame is completely winning for
white.} Qb6 46. f5 {Now Black cannot avoid additional exchanges due to the
weakness of his monarch.} Re8 47. fxg6+ Kg7 48. Qc3 Rxe2+ 49. Bxe2 Kxg6 50. Bf3
Qa7 51. Qc8 ({Inaccurate would be:} 51. b4 $6 Qa2+) 51... Qb6 52. Qc2+ Kf7 53.
Qd2 Qb3 54. Qc3 Qa2 55. Qc2 Kg7 56. Qd2 Kf7 57. Qe2 $1 {Attacking the Ph5 and
preparing the advance of the Pb2.} Kg7 (57... Qb3) 58. b4 Qb3 59. b5 Kg6 ({
After} 59... Kh6 60. Kh3 {black has no useful moves. For instance,} Qb1 61.
Qe3+ Kh7 62. b6 $18) 60. Bxh5+ $1 {Winning one more pawn.} Nxh5 61. Qg4+ Kh6
62. Qg5+ Kh7 63. Qxh5+ Kg7 64. Qe5+ Kg6 65. Qe4+ Kg7 66. Qb7+ Kg6 67. Qc6+ Kg7
68. b6 Qa2+ 69. Kh3 Qf2 70. b7 Qf1+ 71. Kh2 Qf2+ 72. Qg2 Qb6 73. Qf3 Qb2+ 74.
Kh3 Qb1 75. h5 (75. Qg4+ Kh7 76. Qh5+ Kg7 77. Qe5+ $18 {[%cal Gb7b8]}) 75...
Qb5 76. Qg4+ Kh7 77. Qf3 (77. Qe4+ Kh8 78. Kh4 $18) 77... Qb1 78. Qf7+ 1-0